The accidental theorist and other dispatches from the dismal science

Bibliographic Details
Main Author: Krugman, Paul
Format: Book
Published: London : Penguin Books Ltd , 1999
Subjects:

MARC

LEADER 00000cam a2200000 7i4500
001 0000015341
005 20220223.0
020 |a 0140286861 
040 |a INS 
090 0 0 |a KB74.5   |b K78 1999 
100 1 |a Krugman, Paul 
245 1 4 |a The accidental theorist and other dispatches from the dismal science   |c Paul Krugman 
260 |a London :   |b Penguin Books Ltd ,   |c 1999 
300 |b 204p. ;   |c 20cm. 
650 0 0 |a Economics 
999 |a 0000015005   |b BOOK   |c Open Shelf   |e Default branch